| 000 | 00465nam a2200181Ia 4500 | ||
|---|---|---|---|
| 008 | 131103s9999 xx 000 0 und d | ||
| 020 | _a721475302 | ||
| 040 | _aLoreto College | ||
| 041 | _aEnglish | ||
| 082 |
_aREF _bLCBED/10298 |
||
| 100 | _aImpey, Rose | ||
| 245 | 4 |
_aThe pied piper of hamelin _cRose Impey |
|
| 260 |
_aLondon _bLadybird books _c1976 |
||
| 300 |
_a57p. _b ill.,pic. _c 26cm. |
||
| 650 | _aEnglish drama | ||
| 850 | _aLCBED/REF | ||
| 942 | _cBK | ||
| 999 |
_c32489 _d82968 |
||